| 000 | 00936nam a2200301Ia 4500 | ||
|---|---|---|---|
| 001 | 23184 | ||
| 003 | IT-RoPAU | ||
| 008 | 130308s9999 xx 000 0 und d | ||
| 040 | _aIT-RoPAU | ||
| 040 | _cIT-RoPAU | ||
| 041 | _aFRANCESE | ||
| 100 | _aBarthelemy | ||
| 100 | _gCodice Aut. SPICS: 6678 | ||
| 245 | _aDe la societè de consommation a la societè de communication | ||
| 245 | _bPublicite' (La), Nerf de la Communication | ||
| 250 | _a1a ed. | ||
| 260 | _aPARIS | ||
| 260 | _bOrganisation | ||
| 260 | _c1983 [1° Ed.:1983 - Ed.Ling.Originale:1983] | ||
| 300 | _a"13 p. (prefazione: no ; testo: 13 [pagine: 17-29])" | ||
| 500 | _aDalla Società di consumo Alla Società di Comunicazione contestazione ruolo della Pubblicità Pubblicità prodotto di Consumo | ||
| 650 | _aLINGUAGGIO DELLA PUBBLICITA' | ||
| 650 | _eCodice materia Spics: 6204 | ||
| 942 | _cBK | ||
| 957 | _71 | ||
| 999 |
_c48537 _d48537 |
||
| 999 | _bSI | ||
| 999 | _g1 | ||